000 00436nam a2200181Ia 4500
008 170705s9999 xx 000 0 und d
020 _a9780439449311
245 _aClifford's class trip /
245 _cNorman Bridwell.
260 _aNew York :
260 _bScholastic,
260 _c2003
300 _aunpaged :
300 _bcolor illustration ;
300 _c20cm.
440 _aClifford the big red dog.
500 _a170
999 _c335354
_d335354